Corrupt cities: a practical guide to cure and prevention (Record no. 62539)
[ view plain ]
| 000 -LEADER | |
|---|---|
| fixed length control field | 01033nam a2200241 a 4500 |
| 008 - FIXED-LENGTH DATA ELEMENTS--GENERAL INFORMATION | |
| fixed length control field | 071017s2000 ||||||||||||||||| || u |
| 020 ## - INTERNATIONAL STANDARD BOOK NUMBER | |
| International Standard Book Number | 1558155112 |
| 050 ## - LIBRARY OF CONGRESS CALL NUMBER | |
| Classification number | JS 231 Kli |
| 100 ## - MAIN ENTRY--PERSONAL NAME | |
| Personal name | Klitgaard, Robert |
| 245 10 - TITLE STATEMENT | |
| Title | Corrupt cities: a practical guide to cure and prevention |
| Statement of responsibility, etc. | Robert Klitgaard; Ronald Maclean-Abaroa; H. Lindsey Parris |
| 260 ## - PUBLICATION, DISTRIBUTION, ETC. | |
| Place of publication, distribution, etc. | Washington, D. C.: |
| Name of publisher, distributor, etc. | World Bank |
| Date of publication, distribution, etc. | 2000 |
| 300 ## - PHYSICAL DESCRIPTION | |
| Extent | xiii, 162p. |
| 350 ## - | |
| -- | 0.00 |
| 650 ## - SUBJECT ADDED ENTRY--TOPICAL TERM | |
| Topical term or geographic name entry element | CORRUPTION--MORAL AND ETHICAL ASPECTS |
| 650 ## - SUBJECT ADDED ENTRY--TOPICAL TERM | |
| Topical term or geographic name entry element | POLITICAL CORRUPTION |
| 650 ## - SUBJECT ADDED ENTRY--TOPICAL TERM | |
| Topical term or geographic name entry element | GOVERNANCE |
| 650 ## - SUBJECT ADDED ENTRY--TOPICAL TERM | |
| Topical term or geographic name entry element | Municipal government |
| 700 ## - ADDED ENTRY--PERSONAL NAME | |
| Personal name | Maclean-Abaroa, Ronald |
| 700 ## - ADDED ENTRY--PERSONAL NAME | |
| Personal name | Parris, H. Lindsey |
| 710 ## - ADDED ENTRY--CORPORATE NAME | |
| Corporate name or jurisdiction name as entry element | World Bank |
| 995 ## - | |
| -- | ANNEX COLLECTION (Main Library) |
| -- | 0.00 |
| -- | 55805 |
| -- | CBU-MAIN LIBRARY (Kitwe) |
| -- | 1 |
| -- | 0.00 |
| -- | JS 231 Kli |
| -- | 1 |
| -- | AVAILABLE |
| -- | Oct 17, 2007 |
| -- | 55805 |
| -- | Annex Low-Usage Collection |
| 995 ## - | |
| -- | MAIN LIBRARY OPEN ACCESS |
| -- | 0.00 |
| -- | 028957 |
| -- | CBU-MAIN LIBRARY (Kitwe) |
| -- | 1 |
| -- | 0.00 |
| -- | JS 231 Kli |
| -- | 2 |
| -- | AVAILABLE |
| -- | Sep 8, 2008 |
| -- | 028957 |
| -- | Main Library Open Access Collection |
| 999 ## - | |
| -- | 62539 |
| -- | 62539 |
| Withdrawn status | Lost status | Source of classification or shelving scheme | Damaged status | Not for loan | Permanent Location | Current Location | Shelving location | Date acquired | Total Checkouts | Full call number | Barcode | Date last seen | Price effective from | Koha item type |
|---|---|---|---|---|---|---|---|---|---|---|---|---|---|---|
| CBU-MAIN LIBRARY, KITWE. | CBU-MAIN LIBRARY, KITWE. | 12/13/2022 | JS 231 Kli | 55805 | 12/13/2022 | 12/13/2022 | MONOGRAPH | |||||||
| CBU-MAIN LIBRARY, KITWE. | CBU-MAIN LIBRARY, KITWE. | 12/13/2022 | JS 231 Kli | 028957 | 12/13/2022 | 12/13/2022 | MONOGRAPH |